Shiphandling: (Record no. 10303)
[ view plain ]
| 000 -LEADER | |
|---|---|
| fixed length control field | 00679nam a22002417a 4500 |
| 003 - CONTROL NUMBER IDENTIFIER | |
| control field | IMU CC |
| 005 - DATE AND TIME OF LATEST TRANSACTION | |
| control field | 20260511170340.0 |
| 008 - FIXED-LENGTH DATA ELEMENTS--GENERAL INFORMATION | |
| fixed length control field | 251023b |||||||| |||| 00| 0 eng d |
| 020 ## - INTERNATIONAL STANDARD BOOK NUMBER | |
| International Standard Book Number | 9781915488473 |
| 040 ## - CATALOGING SOURCE | |
| Original cataloging agency | IMU CC |
| 041 0# - LANGUAGE CODE | |
| Language code of text/sound track or separate title | eng |
| 082 00 - DEWEY DECIMAL CLASSIFICATION NUMBER | |
| Edition number | 23 |
| Classification number | 623.88 |
| Item number | LIV |
| 100 ## - MAIN ENTRY--PERSONAL NAME | |
| Personal name | Livingstone, Grant |
| 9 (RLIN) | 4212 |
| 245 10 - TITLE STATEMENT | |
| Title | Shiphandling: |
| Remainder of title | the beautiful game / |
| Statement of responsibility, etc. | Grant Livingstone and George Livingstone. |
| 260 ## - PUBLICATION, DISTRIBUTION, ETC. | |
| Place of publication, distribution, etc. | London: |
| Name of publisher, distributor, etc. | The Nautical Institute, |
| Date of publication, distribution, etc. | 2025. |
| 300 ## - PHYSICAL DESCRIPTION | |
| Extent | ix, 150 p.: |
| Other physical details | ill.; |
| Dimensions | 30 cm. |
| 490 0# - SERIES STATEMENT | |
| Volume/sequential designation | vol.1 |
| 650 #0 - SUBJECT ADDED ENTRY--TOPICAL TERM | |
| Topical term or geographic name entry element | Anchoring |
| 9 (RLIN) | 4213 |
| 650 #0 - SUBJECT ADDED ENTRY--TOPICAL TERM | |
| Topical term or geographic name entry element | Docking and Undocking |
| 9 (RLIN) | 4214 |
| 700 ## - ADDED ENTRY--PERSONAL NAME | |
| Personal name | Livingstone, George |
| 9 (RLIN) | 4216 |
| 856 ## - ELECTRONIC LOCATION AND ACCESS | |
| Link text | BK |
| 942 ## - ADDED ENTRY ELEMENTS (KOHA) | |
| Koha item type | Books |
| Source of classification or shelving scheme | Dewey Decimal Classification |
| Withdrawn status | Lost status | Source of classification or shelving scheme | Damaged status | Not for loan | Home library | Current library | Shelving location | Date acquired | Source of acquisition | Cost, normal purchase price | Total Checkouts | Full call number | Barcode | Date last seen | Price effective from | Koha item type |
|---|---|---|---|---|---|---|---|---|---|---|---|---|---|---|---|---|
| Dewey Decimal Classification | IMU Chennai Uthandi Library | IMU Chennai Uthandi Library | General Stacks | 23/10/2025 | M/s.Sterling Book House; INV/4874 Dt.06.10.2025 | 14916.00 | 623.88 LIV | 23852 | 23/10/2025 | 23/10/2025 | Reference book | |||||
| Dewey Decimal Classification | IMU Chennai Uthandi Library | IMU Chennai Uthandi Library | General Stacks | 06/11/2025 | M/s.Sterling Book House; INV/5234 Dt.24.10.2025 | 14606.00 | 623.88 LIV | 24156 | 06/11/2025 | 06/11/2025 | Reference book |